| 000 | 00600nam a22002537a 4500 | ||
|---|---|---|---|
| 005 | 20231010165354.0 | ||
| 008 | 190226b xxu||||| |||| 00| 0 spa d | ||
| 020 | _a9788495787002 | ||
| 041 | _aspa | ||
| 082 | _a155.23 E52l | ||
| 100 | _aEllis, Keith | ||
| 245 | _aLa lámpara mágica | ||
| 260 | _aEspaña | ||
| 260 | _bEdiciones Urano | ||
| 260 | _c1998 | ||
| 300 | _a244 páginas | ||
| 650 | _aSUPERACIÓN PERSONAL | ||
| 650 | _aHÁBITOS | ||
| 650 | _aOBJETIVOS DE VIDA | ||
| 650 | _aPROGRESO | ||
| 650 | _aACTITUDES | ||
| 650 | _aPERSISTENCIA | ||
| 942 |
_cLIT _2ddc |
||
| 999 |
_c11680 _d11680 |
||